| 000 | 00448nam a2200181Ia 4500 | ||
|---|---|---|---|
| 005 | 20240415110847.0 | ||
| 008 | 131103s9999 xx 000 0 und d | ||
| 020 | _a194315835 | ||
| 040 | _aLoreto College | ||
| 041 | _aEnglish | ||
| 082 |
_a425 _bOXF |
||
| 245 | _aReally learn 100 phrasal verbs | ||
| 260 |
_aOxford _bOxford University Press _c2002 |
||
| 300 |
_aiii,110p _b ill |
||
| 650 | _aEnglish grammar | ||
| 850 | _aLCBED | ||
| 942 | _cBK | ||
| 999 |
_c27957 _d78436 |
||